[Event "ROM-chT"]
[Site "Oradea"]
[Date "2022.09.25"]
[Round "5.3"]
[White "Gulie, Cosmin"]
[Black "Ileana, George"]
[Result "0-1"]
[WhiteElo "1973"]
[BlackElo "2301"]
[PlyCount "72"]
[EventDate "2022.09.21"]
[EventType "team-tourn"]
[EventRounds "9"]
[EventCountry "ROU"]
[SourceTitle "EXT 2024"]
[Source "ChessBase"]
[SourceDate "2023.10.10"]
[SourceVersion "1"]
[SourceVersionDate "2023.10.10"]
[SourceQuality "1"]
[WhiteTeam "Targoviste"]
[BlackTeam "Galati Smart"]
[WhiteTeamCountry "ROU"]
[BlackTeamCountry "ROU"]

1. e4 c5 2. Nf3 d6 3. c3 Nf6 4. Be2 e6 5. 0-0 Be7 6. Re1 Nc6 7. d3 0-0 8. h3 b5 9. Be3 Bb7 10. Nbd2 Rc8 11. a3 Qc7 12. Nf1 d5 13. exd5 Nxd5 14. d4 a6 15. Rc1 Rfd8 16. Qc2 cxd4 17. cxd4 Qb6 18. Qb1 h6 19. Red1 Bf6 20. Bd3 Nxe3 21. fxe3 e5 22. Bf5 Rb8 23. dxe5 Nxe5 24. Nxe5 Bxe5 25. b4 Rxd1 26. Rxd1 Qc6 27. Qc2 Qxc2 28. Bxc2 Bb2 29. Rd3 Rc8 30. Bd1 Be4 31. Rb3 Bc1 32. Ng3 Bd5 33. Rd3 Bc4 34. Rd6 Bxe3+ 35. Kh2 Bf4 36. Rxa6 Bd5 0-1

[Event "Romania blitz online op final"]
[Site "Chess.com INT"]
[Date "2020.05.06"]
[Round "6"]
[White "Vilcu, Matei Stefan"]
[Black "Gulie, Cosmin"]
[Result "1/2-1/2"]
[WhiteElo "2049"]
[BlackElo "1973"]
[PlyCount "55"]
[EventDate "2020.05.06"]
[EventType "swiss (blitz)"]
[EventRounds "9"]
[EventCountry "ROU"]
[SourceTitle "CBM 196 Extra"]
[Source "ChessBase"]
[SourceDate "2020.07.31"]
[SourceVersion "1"]
[SourceVersionDate "2020.07.31"]
[SourceQuality "1"]

1. e4 c5 2. Nf3 g6 3. c4 Bg7 4. d4 cxd4 5. Nxd4 Nc6 6. Be3 Nf6 7. Nc3 0-0 8. Be2 d6 9. 0-0 Bd7 10. f3 Nxd4 11. Bxd4 Bc6 12. Nd5 Nxd5 13. cxd5 Bd7 14. Kh1 Bxd4 15. Qxd4 Qb6 16. Qd2 Rfc8 17. Rac1 Rxc1 18. Rxc1 Rc8 19. Rxc8+ Bxc8 20. Qc2 Bd7 21. Bd3 Kg7 22. Qe2 f6 23. f4 Qd4 24. h3 a6 25. f5 g5 26. h4 h6 27. hxg5 hxg5 28. Qh5 1/2-1/2

[Event "Plomari op 1st"]
[Site "Plomari"]
[Date "2019.07.23"]
[Round "7"]
[White "Gulie, Cosmin"]
[Black "Labrakopoulos, Alexandros"]
[Result "1-0"]
[WhiteElo "2004"]
[BlackElo "1622"]
[PlyCount "61"]
[EventDate "2019.07.18"]
[EventType "swiss"]
[EventRounds "9"]
[EventCountry "GRE"]
[SourceTitle "EXT 2020"]
[Source "ChessBase"]
[SourceDate "2019.10.17"]
[SourceVersion "1"]
[SourceVersionDate "2019.10.17"]
[SourceQuality "1"]

1. b4 e5 2. Bb2 Bxb4 3. Bxe5 Nf6 4. Nf3 0-0 5. e3 Re8 6. Bb2 c5 7. c4 Nc6 8. Be2 d5 9. cxd5 Nxd5 10. 0-0 Bg4 11. a3 Ba5 12. Qc2 Rc8 13. Qxc5 Nf4 14. exf4 Rxe2 15. Qg5 Qxg5 16. fxg5 Bxf3 17. gxf3 Bxd2 18. Nxd2 Rxd2 19. Bc1 Rc2 20. Be3 Ne5 21. f4 Nf3+ 22. Kg2 Nh4+ 23. Kh1 b6 24. a4 Nf5 25. Rfe1 Nxe3 26. fxe3 Kf8 27. Rad1 Ke7 28. Rd4 a6 29. Red1 R8c7 30. Re4+ Kf8 31. Rd8# 1-0

[Event "Plomari op 1st"]
[Site "Plomari"]
[Date "2019.07.20"]
[Round "3"]
[White "Gulie, Cosmin"]
[Black "Nikolaidis, Ioannis"]
[Result "0-1"]
[WhiteElo "2004"]
[BlackElo "2534"]
[PlyCount "86"]
[EventDate "2019.07.18"]
[EventType "swiss"]
[EventRounds "9"]
[EventCountry "GRE"]
[SourceTitle "EXT 2020"]
[Source "ChessBase"]
[SourceDate "2019.10.17"]
[SourceVersion "1"]
[SourceVersionDate "2019.10.17"]
[SourceQuality "1"]

1. e4 c5 2. c3 d5 3. exd5 Qxd5 4. d4 Nf6 5. Nf3 Nc6 6. Na3 Bg4 7. dxc5 Qxd1+ 8. Kxd1 e5 9. h3 Bxf3+ 10. gxf3 Bxc5 11. Be3 Bxa3 12. bxa3 Nd5 13. Kc2 Nxe3+ 14. fxe3 Ke7 15. Rb1 b6 16. Ba6 Rad8 17. Rhg1 g6 18. Rg4 Rd6 19. Rd1 Rxd1 20. Kxd1 Rd8+ 21. Kc2 Rd5 22. Bc4 Rc5 23. Bb3 Nd8 24. Kd3 Ne6 25. Bxe6 Kxe6 26. a4 h5 27. Rb4 g5 28. e4 f6 29. a3 Kf7 30. Rb1 Ra5 31. Rb4 Kg6 32. Ke3 Kh6 33. Kd3 Kg6 34. Ke3 Rc5 35. Kd3 f5 36. exf5+ Kxf5 37. Kd2 Rd5+ 38. Ke2 Rc5 39. Kd3 Rc6 40. Kd2 a5 41. Re4 Rd6+ 42. Ke2 Rd5 43. Kf2 Rd2+ 0-1

[Event "Krakow op-B 29th"]
[Site "Krakow"]
[Date "2019.01.03"]
[Round "8"]
[White "Kostecka, Marika"]
[Black "Gulie, Cosmin"]
[Result "0-1"]
[WhiteElo "1808"]
[BlackElo "2055"]
[PlyCount "130"]
[EventDate "2018.12.27"]
[EventType "swiss"]
[EventRounds "9"]
[EventCountry "POL"]
[SourceTitle "CBM 189 Extra"]
[Source "ChessBase"]
[SourceDate "2019.06.03"]
[SourceVersion "1"]
[SourceVersionDate "2019.06.03"]
[SourceQuality "1"]

1. e4 c5 2. Nf3 g6 3. d4 cxd4 4. Nxd4 Bg7 5. c4 Nc6 6. Be3 Nf6 7. Nc3 Ng4 8. Qxg4 Nxd4 9. Qd1 Ne6 10. Be2 Qa5 11. Qd2 b6 12. 0-0 Bb7 13. f3 d6 14. a3 Bxc3 15. bxc3 Rc8 16. Rfb1 0-0 17. Bd3 Ba6 18. Rb4 Rc7 19. f4 Rfc8 20. f5 Ng7 21. Qe2 gxf5 22. exf5 Nxf5 23. Qg4+ Ng7 24. Ra4 Qxa4 25. Bh6 Kf8 26. Qxg7+ Ke8 27. Bf5 Kd8 28. Bxc8 Kxc8 29. Qxf7 Qxc4 30. Qf8+ Kb7 31. Qf3+ Kb8 32. Bd2 Bb7 33. Qf2 Rc8 34. Re1 Rg8 35. g3 Qd5 36. Kf1 e5 37. Rc1 h5 38. c4 Qe4 39. Qe3 Qg2+ 40. Ke1 Rf8 41. Kd1 Qf1+ 42. Kc2 Qxc4+ 43. Kb2 Qb5+ 44. Ka1 Rf1 45. Rxf1 Qxf1+ 46. Kb2 Qf6 47. Bc3 Bc6 48. Qe2 Qf3 49. Qd2 Qg2 50. Qxg2 Bxg2 51. Kc2 Kc7 52. Kd3 Kd7 53. Ke3 Ke6 54. Kf2 Bh3 55. Ke3 d5 56. Bb4 d4+ 57. Kd2 Kd5 58. Ke2 e4 59. Kd2 e3+ 60. Kd3 Bf1+ 61. Kc2 d3+ 62. Kd1 Ke4 63. Bc3 d2 64. Kc2 Kf3 65. Bxd2 exd2 0-1

[Event "Krakow op-B 29th"]
[Site "Krakow"]
[Date "2019.01.02"]
[Round "7"]
[White "Gulie, Cosmin"]
[Black "Krawczyk, Flawian"]
[Result "0-1"]
[WhiteElo "2055"]
[BlackElo "1641"]
[PlyCount "70"]
[EventDate "2018.12.27"]
[EventType "swiss"]
[EventRounds "9"]
[EventCountry "POL"]
[SourceTitle "CBM 189 Extra"]
[Source "ChessBase"]
[SourceDate "2019.06.03"]
[SourceVersion "1"]
[SourceVersionDate "2019.06.03"]
[SourceQuality "1"]

1. b4 e5 2. a3 d5 3. Bb2 Bd6 4. Nf3 Qe7 5. e3 Nf6 6. d4 e4 7. Nfd2 0-0 8. c4 c6 9. Be2 Bc7 10. Nc3 Be6 11. Qb3 Nbd7 12. cxd5 cxd5 13. Nb5 Nb6 14. a4 a6 15. Nc3 Bd6 16. Ba3 Nfd7 17. a5 Nc8 18. Na4 Qg5 19. g3 Rb8 20. Nc5 Nxc5 21. bxc5 Bc7 22. Qc3 Ne7 23. c6 bxc6 24. Qc5 Nf5 25. Qxc6 Bxa5 26. Bxf8 Nxd4 27. Qd6 Rxf8 28. Qa3 Nxe2 29. Kxe2 Bxd2 30. Kxd2 Qf6 31. Qxa6 d4 32. exd4 Rd8 33. Ke1 Qf3 34. Rg1 Bg4 35. h3 e3 0-1

[Event "ROM-chT2"]
[Site "Gilau"]
[Date "2018.10.11"]
[Round "5.4"]
[White "Mihalcescu, Alexandru"]
[Black "Gulie, Cosmin"]
[Result "0-1"]
[WhiteElo "1718"]
[BlackElo "2020"]
[PlyCount "110"]
[EventDate "2018.10.07"]
[EventType "team-swiss"]
[EventRounds "9"]
[EventCountry "ROU"]
[SourceTitle "CBM 187 Extra"]
[Source "ChessBase"]
[SourceDate "2018.11.04"]
[SourceVersion "1"]
[SourceVersionDate "2018.11.04"]
[SourceQuality "1"]
[WhiteTeam "Cluj Viitorul"]
[BlackTeam "Targoviste"]
[WhiteTeamCountry "ROU"]
[BlackTeamCountry "ROU"]

1. e4 c5 2. Be2 Nc6 3. f4 e6 4. Nf3 d5 5. d3 Nf6 6. e5 Nd7 7. 0-0 d4 8. Nbd2 Be7 9. Ne4 h6 10. c3 Nb6 11. Bd2 Nd5 12. Rc1 Bd7 13. c4 Ndb4 14. a3 Na6 15. Qe1 Qb6 16. Rb1 Qb3 17. Qd1 Qxd1 18. Rfxd1 Nd8 19. b4 b6 20. b5 Nc7 21. a4 a5 22. g4 Bc8 23. Rf1 0-0 24. h3 Ne8 25. Kg2 f5 26. Ng3 Bb7 27. Rf2 Bh4 28. Rbf1 g6 29. Kh2 Be7 30. Rg1 Kh7 31. Bf1 Ra7 32. Bg2 Nf7 33. Ne1 fxg4 34. Bxb7 Rxb7 35. hxg4 Nxe5 36. Ne4 Nf7 37. Kg3 Nf6 38. Rh1 Kg7 39. Rfh2 Rh8 40. Nf3 Nxe4+ 41. dxe4 Nd6 42. f5 Nxe4+ 43. Kf4 Nxd2 44. Rxd2 exf5 45. gxf5 Rf8 46. Kg3 Rxf5 47. Re2 Bd6+ 48. Kg2 Rbf7 49. Re6 Rxf3 50. Rxd6 R3f6 51. Rd5 Re7 52. Rh3 Re2+ 53. Kg1 Re7 54. Rg3 g5 55. Kg2 Kg6 0-1

[Event "ROM-chT2"]
[Site "Gilau"]
[Date "2018.10.09"]
[Round "3.4"]
[White "Gulie, Cosmin"]
[Black "David, Bogdan Emanuel"]
[Result "1/2-1/2"]
[WhiteElo "2020"]
[BlackElo "2159"]
[PlyCount "90"]
[EventDate "2018.10.07"]
[EventType "team-swiss"]
[EventRounds "9"]
[EventCountry "ROU"]
[SourceTitle "CBM 187 Extra"]
[Source "ChessBase"]
[SourceDate "2018.11.04"]
[SourceVersion "1"]
[SourceVersionDate "2018.11.04"]
[SourceQuality "1"]
[WhiteTeam "Targoviste"]
[BlackTeam "Ineu"]
[WhiteTeamCountry "ROU"]
[BlackTeamCountry "ROU"]

1. e4 c5 2. c3 d5 3. exd5 Qxd5 4. d4 Nf6 5. Nf3 e6 6. Be2 Nc6 7. Na3 cxd4 8. Nb5 Qd7 9. Nbxd4 a6 10. 0-0 Nxd4 11. Qxd4 Qxd4 12. Nxd4 Bc5 13. Nb3 Be7 14. Bf3 0-0 15. Rd1 e5 16. Bg5 h6 17. Bh4 g5 18. Bg3 e4 19. Be2 Be6 20. Bd6 Bxd6 21. Rxd6 Rfd8 22. Rad1 Rxd6 23. Rxd6 Bxb3 24. axb3 Kg7 25. Kf1 Re8 26. Rb6 Re7 27. Bc4 Rd7 28. Ke2 Ne8 29. g4 Nd6 30. Ke3 Nc8 31. Rb4 b5 32. Be2 Nd6 33. Rd4 f5 34. Kd2 f4 35. Kc2 Kf6 36. c4 Ke6 37. c5 Nf7 38. Rxe4+ Kd5 39. Bf3 Kxc5 40. Re6 Rd6 41. Re7 Nd8 42. Re5+ Kb6 43. Bd5 a5 44. Rf5 Ne6 45. Bxe6 Rxe6 1/2-1/2

[Event "ROM-chT"]
[Site "Baile Govora"]
[Date "2017.11.18"]
[Round "8.1"]
[White "Moldovan, Daniel"]
[Black "Gulie, Cosmin"]
[Result "1-0"]
[WhiteElo "2432"]
[BlackElo "2092"]
[PlyCount "65"]
[EventDate "2017.11.11"]
[EventType "team-tourn"]
[EventRounds "9"]
[EventCountry "ROU"]
[SourceTitle "CBM 181 Extra"]
[Source "ChessBase"]
[SourceDate "2017.12.12"]
[SourceVersion "1"]
[SourceVersionDate "2017.12.12"]
[SourceQuality "1"]
[WhiteTeam "Ploiesti Universitar"]
[BlackTeam "Targoviste"]
[WhiteTeamCountry "ROU"]
[BlackTeamCountry "ROU"]

1. e4 c5 2. c3 Nf6 3. e5 Nd5 4. g3 d6 5. exd6 exd6 6. Bg2 Nf6 7. d4 cxd4 8. cxd4 Nc6 9. Nc3 Qb6 10. Nge2 Be7 11. 0-0 0-0 12. h3 Re8 13. b3 Bd7 14. Be3 Qa5 15. a3 a6 16. b4 Qd8 17. Rc1 Rc8 18. Qd3 Bf8 19. g4 g6 20. Qd2 Be7 21. Ng3 Kh8 22. f4 Bf8 23. d5 Ne7 24. Bd4 Bg7 25. Nce4 Rxc1 26. Rxc1 Nexd5 27. Nxd6 Be6 28. Nxe8 Nxe8 29. f5 gxf5 30. gxf5 Qh4 31. Bxg7+ Nxg7 32. fxe6 Qxg3 33. Rc8+ 1-0

[Event "ROM-ch"]
[Site "Calimanesti Caciulata"]
[Date "2017.03.30"]
[Round "6"]
[White "Daianu, Cristian Clement"]
[Black "Gulie, Cosmin"]
[Result "1/2-1/2"]
[WhiteElo "2209"]
[BlackElo "2057"]
[PlyCount "53"]
[EventDate "2017.03.25"]
[EventType "swiss"]
[EventRounds "9"]
[EventCountry "ROU"]
[SourceTitle "CBM 177 Extra"]
[Source "ChessBase"]
[SourceDate "2017.04.27"]
[SourceVersion "1"]
[SourceVersionDate "2017.04.27"]
[SourceQuality "1"]

1. e4 c5 2. Nf3 d6 3. d4 cxd4 4. Nxd4 Nf6 5. Nc3 g6 6. Be3 Bg7 7. f3 a6 8. Qd2 Nbd7 9. g4 b5 10. g5 Nh5 11. 0-0-0 Bb7 12. Kb1 Rc8 13. Bh3 Ne5 14. Bxc8 Qxc8 15. b3 Nxf3 16. Nxf3 Bxc3 17. Qd3 0-0 18. Bd2 Bg7 19. Rhf1 Qg4 20. Rde1 Rc8 21. Nd4 Qg2 22. c3 Qxh2 23. Nf3 Qh3 24. Rh1 Qg4 25. Rh4 Qe6 26. Nd4 Qe5 27. Nf3 1/2-1/2

[Event "ROM-ch"]
[Site "Calimanesti Caciulata"]
[Date "2017.03.28"]
[Round "4"]
[White "Martian, Dragos Daniel"]
[Black "Gulie, Cosmin"]
[Result "1/2-1/2"]
[WhiteElo "2275"]
[BlackElo "2057"]
[PlyCount "107"]
[EventDate "2017.03.25"]
[EventType "swiss"]
[EventRounds "9"]
[EventCountry "ROU"]
[SourceTitle "CBM 177 Extra"]
[Source "ChessBase"]
[SourceDate "2017.04.27"]
[SourceVersion "1"]
[SourceVersionDate "2017.04.27"]
[SourceQuality "1"]

1. e4 c5 2. c3 d6 3. d4 Nf6 4. Bd3 cxd4 5. cxd4 Nc6 6. Nf3 Bd7 7. Nc3 g6 8. 0-0 Bg7 9. h3 Qa5 10. Re1 0-0 11. Bd2 Qd8 12. e5 dxe5 13. dxe5 Ne8 14. Bg5 Nc7 15. Be4 f6 16. exf6 exf6 17. Bf4 Kh8 18. Bxc6 bxc6 19. Bxc7 Qxc7 20. Re7 Rad8 21. Qd4 c5 22. Qd5 Qc8 23. Qc4 Rde8 24. Rae1 Qc6 25. Nd5 Rxe7 26. Nxe7 Qb5 27. Qh4 Be8 28. b3 Bf7 29. Qf4 Qd7 30. Qd2 Qxd2 31. Nxd2 Re8 32. Kf1 Bf8 33. Nc6 Rc8 34. Na5 f5 35. Nac4 Rd8 36. Nf3 Bxc4+ 37. bxc4 Rb8 38. g3 Kg8 39. Re6 Rb4 40. Ra6 Rxc4 41. Rxa7 Rc1+ 42. Ke2 c4 43. Ra8 Kg7 44. Ng5 Be7 45. Ra7 Kf6 46. h4 Rc2+ 47. Kd1 Rxf2 48. Ra6+ Kg7 49. Ra7 Kf6 50. Nxh7+ Ke6 51. Ng5+ Bxg5 52. Ra6+ Kd5 53. hxg5 Rg2 54. Rxg6 1/2-1/2

[Event "ROM-ch"]
[Site "Calimanesti Caciulata"]
[Date "2017.03.26"]
[Round "2"]
[White "Juravle, Mihnea Marian"]
[Black "Gulie, Cosmin"]
[Result "0-1"]
[WhiteElo "1868"]
[BlackElo "2057"]
[PlyCount "202"]
[EventDate "2017.03.25"]
[EventType "swiss"]
[EventRounds "9"]
[EventCountry "ROU"]
[SourceTitle "CBM 177 Extra"]
[Source "ChessBase"]
[SourceDate "2017.04.27"]
[SourceVersion "1"]
[SourceVersionDate "2017.04.27"]
[SourceQuality "1"]

1. e4 c5 2. Nc3 Nc6 3. f4 e6 4. Nf3 d5 5. Bb5 a6 6. Bxc6+ bxc6 7. 0-0 Nf6 8. d3 Be7 9. Qe1 g6 10. Kh1 h5 11. f5 exf5 12. Ne5 Ng4 13. exf5 Bxf5 14. Nxc6 Qd6 15. Qxe7+ Qxe7 16. Nxe7 Kxe7 17. Nxd5+ Kd6 18. Nb6 Rae8 19. Bf4+ Kc6 20. Nc4 Re2 21. h3 Nh6 22. Ne5+ Kb6 23. Nc4+ Kc6 24. Ne3 Be6 25. Rae1 Rxe1 26. Rxe1 Nf5 27. Nxf5 Bxf5 28. Re7 Be6 29. a4 Rd8 30. a5 Rd4 31. Rc7+ Kb5 32. Be3 Ra4 33. Rxc5+ Kb4 34. Re5 Ra1+ 35. Kh2 Rd1 36. Bd4 Ka4 37. Bc3 Rc1 38. b3+ Ka3 39. Re4 Rxc2 40. Bb4+ Kxb3 41. Rd4 Bf5 42. Bd6 Rd2 43. Kg3 Bxd3 44. Kf4 Kc2 45. g3 Rh2 46. h4 Rf2+ 47. Ke3 Re2+ 48. Kf4 Re6 49. Bc7 Kc3 50. Rd6 Re1 51. Rf6 Bc4 52. Kg5 Re4 53. Kh6 Kb4 54. Kg7 Kc3 55. Kh6 Kb4 56. Kg7 Kc3 57. Kh6 Re7 58. Bb6 Kd3 59. Kg5 Re5+ 60. Kf4 Re4+ 61. Kf3 Bd5 62. Rd6 Re5+ 63. Kf2 Rf5+ 64. Ke1 Kc3 65. Ke2 Re5+ 66. Be3 Bc4+ 67. Kf2 Rf5+ 68. Bf4 Kb3 69. Ke1 Rxa5 70. Rb6+ Kc2 71. Rc6 Kd3 72. Rd6+ Ke4 73. Kd2 Be6 74. Kc3 Ra2 75. Rd4+ Kf5 76. Rd2 Ra5 77. Rd6 Ra3+ 78. Kb4 Ra2 79. Rd2 a5+ 80. Kb5 Ra1 81. Rd4 a4 82. Bc7 Bb3 83. Kb4 Ke6 84. Re4+ Kd5 85. Re5+ Kc6 86. Bd8 Rd1 87. Bf6 Rd4+ 88. Ka3 Rd3 89. Kb4 Rxg3 90. Rc5+ Kd7 91. Bg5 Rf3 92. Ra5 Ke6 93. Ra6+ Kf5 94. Rb6 Ke4 95. Ka3 Bd1+ 96. Ka2 Rd3 97. Rb4+ Kf3 98. Rf4+ Kg3 99. Rf6 Bg4 100. Rf4 Be6+ 101. Kb2 a3+ 0-1

[Event "ROM-chT2"]
[Site "Calimanesti"]
[Date "2014.11.16"]
[Round "9.6"]
[White "Nastase, Robert Paul"]
[Black "Gulie, Cosmin"]
[Result "0-1"]
[WhiteElo "2184"]
[BlackElo "2068"]
[PlyCount "112"]
[EventDate "2014.11.08"]
[EventType "team-tourn"]
[EventRounds "9"]
[EventCountry "ROU"]
[SourceTitle "CBM 163 Extra"]
[Source "ChessBase"]
[SourceDate "2014.12.23"]
[SourceVersion "1"]
[SourceVersionDate "2014.12.23"]
[SourceQuality "1"]
[WhiteTeam "Otopeni"]
[BlackTeam "Targoviste University"]
[WhiteTeamCountry "ROU"]
[BlackTeamCountry "ROU"]

1. e4 c5 2. Nf3 d6 3. d4 cxd4 4. Nxd4 Nf6 5. Nc3 g6 6. Be3 Bg7 7. f3 a6 8. Qd2 Nc6 9. 0-0-0 Nxd4 10. Bxd4 0-0 11. g4 Be6 12. h4 Qa5 13. Kb1 Rfc8 14. Bxf6 Bxf6 15. Nd5 Qxd2 16. Nxf6+ Kg7 17. Rxd2 Kxf6 18. Rf2 h6 19. Bd3 Kg7 20. a3 Rc5 21. Kc1 Rac8 22. Kd2 Bc4 23. Bxc4 Rxc4 24. Kd3 R4c5 25. f4 e6 26. c3 h5 27. g5 b5 28. Rd1 R8c6 29. Ke3 Kf8 30. Rdf1 Ke7 31. Rd1 Rc8 32. Rfd2 R8c6 33. Rd4 Rc4 34. Rxc4 Rxc4 35. Rd3 Kd7 36. b3 Rc5 37. Kd4 Kc6 38. Rd1 a5 39. Rb1 a4 40. bxa4 Rc4+ 41. Kd3 Rxa4 42. Rf1 d5 43. exd5+ Kxd5 44. Rb1 Kc6 45. Rf1 Rxa3 46. Kd4 Kd6 47. Rd1 Ra4+ 48. Ke3+ Kc7 49. Rb1 Kc6 50. Rd1 Rc4 51. Rd3 Kc7 52. Kf3 e5 53. fxe5 Rxh4 54. Rd5 b4 55. Rc5+ Kd7 56. c4 b3 0-1

[Event "ROM-chT2"]
[Site "Calimanesti"]
[Date "2014.11.15"]
[Round "8.6"]
[White "Gulie, Cosmin"]
[Black "Padurean, Daniel Cristian"]
[Result "1-0"]
[WhiteElo "2068"]
[BlackElo "1753"]
[PlyCount "153"]
[EventDate "2014.11.08"]
[EventType "team-tourn"]
[EventRounds "9"]
[EventCountry "ROU"]
[SourceTitle "CBM 163 Extra"]
[Source "ChessBase"]
[SourceDate "2014.12.23"]
[SourceVersion "1"]
[SourceVersionDate "2014.12.23"]
[SourceQuality "1"]
[WhiteTeam "Targoviste University"]
[BlackTeam "Resita Muncitorul"]
[WhiteTeamCountry "ROU"]
[BlackTeamCountry "ROU"]

1. e4 e5 2. Nf3 Nc6 3. Bc4 Nf6 4. d3 Be7 5. 0-0 0-0 6. Re1 d6 7. h3 Na5 8. Bb3 b6 9. Nbd2 Nxb3 10. axb3 Bb7 11. Nf1 Re8 12. Ng3 h6 13. Nf5 Bf8 14. c4 Bc8 15. Ng3 Bb7 16. Bd2 c6 17. Bc3 b5 18. Qd2 Qc7 19. Rec1 Qd8 20. cxb5 c5 21. b4 cxb4 22. Bxb4 Qd7 23. Ra5 d5 24. Bxf8 Kxf8 25. Qb4+ Kg8 26. Rca1 dxe4 27. dxe4 Qd3 28. R5a3 Qd8 29. Rxa7 Rxa7 30. Rxa7 Qb6 31. Ra1 Bc6 32. Rc1 Qxb5 33. Qxb5 Bxb5 34. Rc5 Bd3 35. Nxe5 Nxe4 36. Nxe4 Bxe4 37. b4 f6 38. Nc6 Bxc6 39. Rxc6 Rb8 40. Rc4 Kf7 41. Rd4 Ke6 42. f4 g5 43. Kf2 Ra8 44. Rd2 Kf5 45. fxg5 fxg5 46. b5 Rb8 47. Rb2 Rb6 48. Kf3 h5 49. g4+ hxg4+ 50. hxg4+ Ke5 51. Ke3 Kd5 52. Kd3 Rb8 53. b6 Rb7 54. Rb5+ Kc6 55. Rxg5 Kxb6 56. Re5 Kc6 57. Ke3 Kd6 58. Rf5 Ke6 59. Kf4 Rg7 60. Ra5 Rg6 61. Ra7 Kf6 62. g5+ Ke6 63. Kg4 Ke5 64. Kh5 Rc6 65. g6 Rc1 66. Rf7 Rh1+ 67. Kg5 Ke6 68. Rf2 Ke7 69. g7 Rg1+ 70. Kh6 Rh1+ 71. Kg6 Rg1+ 72. Kh7 Rh1+ 73. Kg8 Rh6 74. Re2+ Kd6 75. Re4 Kd5 76. Rg4 Kd6 77. Kf7 1-0

[Event "ROM-chT2"]
[Site "Calimanesti"]
[Date "2014.11.14"]
[Round "7.6"]
[White "Calin, Alexandru"]
[Black "Gulie, Cosmin"]
[Result "1/2-1/2"]
[WhiteElo "2203"]
[BlackElo "2068"]
[PlyCount "25"]
[EventDate "2014.11.08"]
[EventType "team-tourn"]
[EventRounds "9"]
[EventCountry "ROU"]
[SourceTitle "CBM 163 Extra"]
[Source "ChessBase"]
[SourceDate "2014.12.23"]
[SourceVersion "1"]
[SourceVersionDate "2014.12.23"]
[SourceQuality "1"]
[WhiteTeam "Arad Vados"]
[BlackTeam "Targoviste University"]
[WhiteTeamCountry "ROU"]
[BlackTeamCountry "ROU"]

1. d4 d5 2. Nf3 e6 3. c4 Nf6 4. g3 c6 5. Bg2 Nbd7 6. 0-0 Be7 7. Qc2 0-0 8. Rd1 b6 9. b3 Bb7 10. Nc3 Qc7 11. e4 dxe4 12. Nxe4 c5 13. Nxf6+ 1/2-1/2

[Event "ROM-chT2"]
[Site "Olanesti"]
[Date "2013.10.15"]
[Round "4.3"]
[White "Florescu, Codrut Constantin"]
[Black "Gulie, Cosmin"]
[Result "1-0"]
[WhiteElo "2196"]
[BlackElo "2089"]
[PlyCount "79"]
[EventDate "2013.10.12"]
[EventType "team-tourn"]
[EventRounds "9"]
[EventCountry "ROU"]
[SourceTitle "EXT 2014"]
[Source "ChessBase"]
[SourceDate "2013.11.20"]
[SourceVersion "1"]
[SourceVersionDate "2013.11.20"]
[SourceQuality "1"]
[WhiteTeam "Deva"]
[BlackTeam "Targoviste University"]
[WhiteTeamCountry "ROU"]
[BlackTeamCountry "ROU"]

1. e4 c5 2. Nf3 d6 3. d4 cxd4 4. Nxd4 Nf6 5. Nc3 g6 6. Be3 Bg7 7. f3 a6 8. Qd2 Nbd7 9. 0-0-0 b5 10. g4 Bb7 11. h4 h5 12. g5 Nh7 13. Kb1 Nc5 14. Ndxb5 axb5 15. Bxc5 Bc6 16. Bb4 Qb6 17. Bh3 0-0 18. Rhe1 Rfd8 19. a3 Nf8 20. f4 Nd7 21. Bxd7 Bxc3 22. Qxc3 Bxd7 23. Qd4 Qxd4 24. Rxd4 Be6 25. b3 Ra7 26. Kb2 Rc8 27. Re3 Kf8 28. Rd2 Rac7 29. Rf3 d5 30. exd5 Bxd5 31. Rfd3 Be4 32. Rd8+ Rxd8 33. Rxd8+ Kg7 34. Bc3+ f6 35. gxf6+ exf6 36. Rd6 Rc6 37. Rd7+ Kh6 38. Rf7 g5 39. Rxf6+ Rxf6 40. fxg5+ 1-0

[Event "ROM-chT2"]
[Site "Olanesti"]
[Date "2013.10.13"]
[Round "2.3"]
[White "Toma Andreica, Alin"]
[Black "Gulie, Cosmin"]
[Result "1/2-1/2"]
[WhiteElo "2225"]
[BlackElo "2089"]
[PlyCount "43"]
[EventDate "2013.10.12"]
[EventType "team-tourn"]
[EventRounds "9"]
[EventCountry "ROU"]
[SourceTitle "EXT 2014"]
[Source "ChessBase"]
[SourceDate "2013.11.20"]
[SourceVersion "1"]
[SourceVersionDate "2013.11.20"]
[SourceQuality "1"]
[WhiteTeam "Cluj Napoca"]
[BlackTeam "Targoviste University"]
[WhiteTeamCountry "ROU"]
[BlackTeamCountry "ROU"]

1. e4 c5 2. Nc3 Nc6 3. Nge2 g6 4. g3 Bg7 5. Bg2 d6 6. 0-0 Bd7 7. h3 Qc8 8. Kh2 Nf6 9. d3 Rb8 10. a4 a6 11. Be3 Nd4 12. f4 Nxe2 13. Qxe2 0-0 14. e5 Ne8 15. d4 cxd4 16. Bxd4 Bc6 17. exd6 Nxd6 18. Bxg7 Kxg7 19. Qe5+ Kg8 20. Bxc6 bxc6 21. b3 Qf5 22. Rf2 1/2-1/2

[Event "ROM-ch"]
[Site "Sarata Monteoru"]
[Date "2012.02.18"]
[Round "8"]
[White "Posedaru, Bogdan Stefan"]
[Black "Gulie, Cosmin"]
[Result "1-0"]
[WhiteElo "2337"]
[BlackElo "2133"]
[PlyCount "109"]
[EventDate "2012.02.13"]
[EventType "swiss"]
[EventRounds "11"]
[EventCountry "ROU"]
[SourceTitle "CBM 147 Extra"]
[Source "ChessBase"]
[SourceDate "2012.04.24"]
[SourceVersion "1"]
[SourceVersionDate "2012.04.24"]
[SourceQuality "1"]

1. d4 d5 2. c4 e6 3. Nc3 Nf6 4. Nf3 Nbd7 5. cxd5 exd5 6. Bg5 Be7 7. e3 h6 8. Bf4 c6 9. Qc2 Nh5 10. Bd3 Nxf4 11. exf4 Nf6 12. 0-0 0-0 13. Rfe1 Bd6 14. Ne5 Qb6 15. Rad1 Bg4 16. Rd2 Rae8 17. h3 Bc8 18. a3 Qd8 19. Rde2 Bxe5 20. fxe5 Nh5 21. Qd2 Qh4 22. Re3 Kh8 23. Bb1 Qg5 24. Kh1 g6 25. b4 b5 26. Ne2 Bd7 27. f4 Qh4 28. f5 gxf5 29. Rf3 Ng7 30. Ng3 f6 31. Bxf5 Bxf5 32. Nxf5 Nxf5 33. Rxf5 fxe5 34. Rxf8+ Rxf8 35. dxe5 Rf2 36. Qc3 d4 37. Qxc6 Rxg2 38. Kxg2 Qxe1 39. Qxh6+ Kg8 40. Qg6+ Kh8 41. Qh5+ Kg7 42. Qg4+ Kh6 43. Qxd4 Qe2+ 44. Kg3 Qe1+ 45. Qf2 Qc3+ 46. Qf3 Qe1+ 47. Kg4 Qg1+ 48. Qg3 Qd1+ 49. Kf5 Qd7+ 50. e6 Qh7+ 51. Kf6 Qh8+ 52. Ke7 Qh7+ 53. Kd6 Qb7 54. Qf4+ Kg6 55. Qf7+ 1-0

[Event "ROM-ch"]
[Site "Sarata Monteoru"]
[Date "2012.02.15"]
[Round "3"]
[White "Gulie, Cosmin"]
[Black "Anton, Teodor"]
[Result "1/2-1/2"]
[WhiteElo "2133"]
[BlackElo "2393"]
[PlyCount "96"]
[EventDate "2012.02.13"]
[EventType "swiss"]
[EventRounds "11"]
[EventCountry "ROU"]
[SourceTitle "CBM 147 Extra"]
[Source "ChessBase"]
[SourceDate "2012.04.24"]
[SourceVersion "1"]
[SourceVersionDate "2012.04.24"]
[SourceQuality "1"]

1. e4 g6 2. d4 Bg7 3. Nf3 d6 4. c3 Nd7 5. Bd3 e5 6. dxe5 dxe5 7. Be3 Ngf6 8. h3 0-0 9. 0-0 c6 10. Qc2 Re8 11. Nbd2 Nh5 12. Bc4 Nf4 13. Bxf4 exf4 14. Rfe1 Qe7 15. Rad1 b5 16. Bb3 Nc5 17. Nf1 a5 18. a3 Nxb3 19. Qxb3 a4 20. Qc2 c5 21. Qd2 Qc7 22. e5 Bb7 23. Qxf4 Bxf3 24. Qxf3 Bxe5 25. Ne3 Ra6 26. Ng4 Rae6 27. Nxe5 Rxe5 28. Rxe5 Qxe5 29. Rd7 Qe6 30. Rb7 Qb3 31. Kh2 Kg7 32. g4 h6 33. h4 Qc4 34. Kg2 Re5 35. Kg3 h5 36. Qf4 Qxf4+ 37. Kxf4 Re2 38. Rxb5 hxg4 39. Kg3 f5 40. Rxc5 Rxb2 41. h5 Ra2 42. f4 gxf3 43. Kxf3 gxh5 44. Rxf5 Kg6 45. Ra5 Rxa3 46. Kf4 Ra1 47. Kg3 a3 48. c4 Kf6 1/2-1/2